Personnalités françaises célèbres sur TikTok - Statistiques

Statistiques générales
  • Ce quiz a été pris 1 038 fois
  • Le résultat moyen est 16 sur 68
Statistiques - réponses
Par images Réponse % Correct
Tibo InShape
92%
Michou
89%
Benoît Chevalier
80%
Adrien Laurent
79%
Elodie Costa
73%
Morgane MakeUp
69%
Just Zizou
60%
Lenna Vivas
58%
FastGoodCuisine
51%
Léna Situations
51%
Noholito
50%
Léa Elui
49%
Néo The One
49%
Fabian
48%
Abrège Frère
45%
Nico Capone
45%
Moha
41%
Riadh
41%
Camélia
39%
Chloé Gervais
36%
La Prof des Réseaux
35%
KmS
31%
Luciole
28%
Mohamed Henni
27%
Rose Lucy
25%
Louise
24%
Masdak
24%
Nico Tine
24%
Logan
19%
Cassandra Cano
18%
Ramous
17%
Lucasdorable
16%
So Kahina
16%
Antton Racca
12%
Booshra Mamad
12%
Pierre Boo
12%
Elise
10%
Hanae
10%
Louka
10%
Cyril Schreiner
9%
Dayonu
8%
Djayson Karavane
8%
Hugo Hilaire
8%
Queen Saorie
8%
Poqssi
6%
6nissa
5%
Thomas
5%
Akamz
4%
Chris Joyz
4%
Jimmy & Laura Astuces
4%
Mac Bloody
4%
Bob Dylem
3%
Antonio
2%
Arthur Baucheron
2%
Athéna Sol
2%
Fatma Bouchenafa
2%
La Torez
2%
Sean Freestyle
2%
Tony Czech
2%
Andreas Le Vrai
1%
Diego Alary
1%
Theo Landji
1%
Tuvok12
1%
Van
1%
Jikamanu
0%
Latiktokeuse869
0%
Le Transporteur de Bonheur
0%
Simon Nogueira
0%
Aucun quiz correspondant
Distribution des résultats
% des personnes avec chaque résultat
Percentile par nombre de réponses
Votre historique - résultats
Vous n’avez pas pris ce quiz